Najwięcej bramek w Realu Madryt - Statystyki

Ogólne statystyki
  • Ten quiz został rozwiązany 1 322 razy
  • Średni wynik to 5 z 10
Statystyki odpowiedzi
Bramki Zawodnik % Poprawnych
450 Cristiano Ronaldo
100%
354 Karim Benzema
91%
323 Raúl
84%
308 Alfredo Di Stéfano
67%
242 Ferenc Puskás
54%
171 Emilio Butragueño
23%
208 Hugo Sánchez
19%
172 Pirri
19%
182 Francisco Gento
13%
290 Santillana
8%
Nie znaleziono quizów pasujących do podanych kryteriów
Rozkład punktacji
Procent ludzi z każdym wynikiem
Percentyl według liczby udzielonych odpowiedzi
Twoja historia wyników
Nie rozwiązałeś tego quizu